Aplikace informatiky v cestovním ruchu habilitační práce

Gespeichert in:
Bibliographische Detailangaben
1. Verfasser: Zelenka, Josef
Körperschaft: Vysoká škola pedagogická v Hradci Králové. Fakulta řízení a informační technologie
Format: Buch
Sprache:Slowakisch
Veröffentlicht: Hradec Králové 2000
Schlagworte:
Tags: Tag hinzufügen
Keine Tags, Fügen Sie das erste Tag hinzu!

MARC

LEADER 00000nam$a2200000$$$4500
001 0036585
005 20221221125837.8
041 0 |a slo 
044 |a SK 
245 1 0 |a Aplikace informatiky v cestovním ruchu  |b habilitační práce  |c Zelenka Josef 
264 1 |a Hradec Králové  |c 2000 
300 |a 149 s. 
610 2 0 |a technológie informačné 
610 2 0 |a ruch cestovný 
610 2 0 |a služby 
610 2 0 |a analýza swot 
610 2 0 |a informatika 
610 2 0 |a ubytovanie 
610 2 0 |a spoločnosti dopravné 
610 2 0 |a internet 
610 2 0 |a hotely 
610 2 0 |a vzdelávanie 
610 2 0 |a servery 
610 2 0 |a Česko 
100 1 |a Zelenka, Josef 
710 2 |a Vysoká škola pedagogická v Hradci Králové. Fakulta řízení a informační technologie